สรุปผลงานสภาผู้แทนราษฎร ชุดที่ 23 (ได้รับเลือกตั้งเมื่อวันที่ 23 ธันวาคม 2550) / (ระเบียนเลขที่ 63170)
| 000 -LEADER | |
|---|---|
| fixed length control field | 05871nam a22003017a 4500 |
| 003 - CONTROL NUMBER IDENTIFIER | |
| control field | NALT |
| 005 - DATE AND TIME OF LATEST TRANSACTION | |
| control field | 20230223084044.0 |
| 008 - FIXED-LENGTH DATA ELEMENTS--GENERAL INFORMATION | |
| fixed length control field | s2554 th o00| 0 tha d |
| 040 ## - CATALOGING SOURCE | |
| Original cataloging agency | NALT |
| 086 ## - GOVERNMENT DOCUMENT CLASSIFICATION NUMBER | |
| Classification number | สผ - 1.2 2550 |
| 110 2# - MAIN ENTRY--CORPORATE NAME | |
| Corporate name or jurisdiction name as entry element | สำนักงานเลขาธิการสภาผู้แทนราษฎร. |
| Subordinate unit | สำนักกรรมาธิการ 2. |
| -- | กลุ่มงานคณะกรรมาธิการการศึกษา |
| 9 (RLIN) | 33545 |
| 245 10 - TITLE STATEMENT | |
| Title | สรุปผลงานสภาผู้แทนราษฎร ชุดที่ 23 (ได้รับเลือกตั้งเมื่อวันที่ 23 ธันวาคม 2550) / |
| Statement of responsibility, etc. | สำนักงานเลขาธิการสภาผู้แทนราษฎร. |
| 260 ## - PUBLICATION, DISTRIBUTION, ETC. | |
| Place of publication, distribution, etc. | กรุงเทพฯ : |
| Name of publisher, distributor, etc. | สำนักงานเลขาธิการสภาผู้แทนราษฎร, |
| Date of publication, distribution, etc. | 2554. |
| 300 ## - PHYSICAL DESCRIPTION | |
| Extent | 347 หน้า : |
| Other physical details | ภาพประกอบ, ตาราง ; |
| Dimensions | 29 ซม. |
| 505 0# - FORMATTED CONTENTS NOTE | |
| Formatted contents note | สรุปผลงานสภาผู้แทนราษฎร ชุดที่ ๒๓ --<br/>ด้านการประชุมการประชุมสภาผู้แทนราษฎร --<br/>การพิจารณาร่างพระราชบัญญัติ --<br/>การพิจารณาพระราชกำหนด --<br/>การพิจารณาญัตติ --<br/>การพิจารณากระทู้ถาม --<br/>การดำเนินการตามข้อหารือในที่ประชุมสภาผู้แทนราษฎร --<br/>การพิจารณาเรื่องอื่น ๆ --<br/>การประชุมร่วมกันของรัฐสภา --<br/>การพิจารณาร่างรัฐธรรมนูญแห่งราชอาณาจักรไทยแก้ไขเพิ่มเติม (ฉบับที่..) พุทธศักราช .... --<br/>การแถลงนโยบาย --<br/>การขอเปิดอภิปรายทั่วไป --<br/>การให้ความเห็นชอบหนังสือสัญญา --<br/>ตามรัฐธรรมนูญแห่งราชอาณาจักรไทย พุทธศักราช ๒๕๕๐ มาตรา ๑๙๐ --<br/>การพิจารณาร่างข้อบังคับการประชุมรัฐสภา --<br/>การตั้งกรรมาธิการรัฐสภาแทนตำแหน่งที่ ว่าง --<br/>การดำเนินการตามข้อหารือในที่ประชุมร่วมกันของรัฐสภา --<br/>ด้านกรรมาธิการ --<br/>คณะกรรมาธิการสามัญประจำสภาผู้แทนราษฎร --<br/>การประชุมร่วมกันของประธานสภาผู้แทนราษฎร --<br/>และประธานคณะกรรมาธิการสามัญของสภาผู้แทนราษฎรทุกคณะ --<br/>ด้านต่างประเทศ --<br/>การเดินทางเยือนต่างประเทศ --<br/>การเป็นเจ้าภาพในการเลี้ยงรับรอง/สันทนาการแขกต่างประเทศและบุคคลสำคัญ --<br/>การเยี่ยมคารวะ --<br/>การเดินทางไปเข้าร่วมประชุมรัฐสภาระหว่างประเทศ --<br/>การเป็นเจ้าภาพจัดการประชุมรัฐสภาระหว่างประเทศ --<br/>ด้านอื่น ๆ --<br/>การตรวจสอบความชอบด้วยรัฐธรรมนูญ --<br/>โครงการก่อสร้างอาคารรัฐสภาแห่งใหม่ --<br/>โครงการส่งเสริมและเผยแพร่ความรู้ ความเข้าใจในทางการเมืองการปกครองในระบอบประชาธิปไตยอันมีพระมหากษัตริย์ทรงเป็นประมุข --<br/>การดำเนินงานเกี่ยวกับพระราชพิธี รัฐพิธี พิธีการต่าง ๆ.<br/> |
| 610 24 - SUBJECT ADDED ENTRY--CORPORATE NAME | |
| Corporate name or jurisdiction name as entry element | สภาผู้แทนราษฎร |
| 9 (RLIN) | 36377 |
| General subdivision | ผลงาน |
| Chronological subdivision | 2550 |
| 650 04 - SUBJECT ADDED ENTRY--TOPICAL TERM | |
| Topical term or geographic name entry element | สภาผู้แทนราษฎร -- คณะกรรมาธิการ -- 2550 |
| 650 04 - SUBJECT ADDED ENTRY--TOPICAL TERM | |
| Topical term or geographic name entry element | การประชุมร่วมกันของรัฐสภา -- การขอเปิดอภิปรายทั่วไป -- 2550 |
| 650 04 - SUBJECT ADDED ENTRY--TOPICAL TERM | |
| Topical term or geographic name entry element | การประชุมร่วมกันของรัฐสภา -- การแถลงนโยบาย -- 2550 |
| 650 04 - SUBJECT ADDED ENTRY--TOPICAL TERM | |
| Topical term or geographic name entry element | สภาผู้แทนราษฎร -- การพิจารณากระทู้ถาม -- 2550 |
| 650 04 - SUBJECT ADDED ENTRY--TOPICAL TERM | |
| Topical term or geographic name entry element | สภาผู้แทนราษฎร -- การพิจารณาญัตติ -- 2550 |
| 650 04 - SUBJECT ADDED ENTRY--TOPICAL TERM | |
| Topical term or geographic name entry element | สภาผู้แทนราษฎร -- การพิจารณาพระราชกำหนด -- 2550 |
| 650 04 - SUBJECT ADDED ENTRY--TOPICAL TERM | |
| Topical term or geographic name entry element | สภาผู้แทนราษฎร -- การพิจารณาร่างพระราชบัญญัติ -- 2550 |
| 650 04 - SUBJECT ADDED ENTRY--TOPICAL TERM | |
| Topical term or geographic name entry element | สภาผู้แทนราษฎร -- ผลงาน -- 2550 |
| 850 ## - HOLDING INSTITUTION | |
| Holding institution | NALT |
| 942 ## - ADDED ENTRY ELEMENTS (KOHA) | |
| Koha item type | Parliamentary Publication |
| Source of classification or shelving scheme | Local Classification |
| 998 ## - STAFF NAME (NALT) | |
| -- | 1020 |
| -- | นางจำเรียง ระวังสำโรง |
| Withdrawn status | Lost status | Source of classification or shelving scheme | Damaged status | Not for loan | Collection code | Home library | Current library | Shelving location | Date acquired | Source of acquisition | Full call number | Barcode | Date last seen | Copy number | Price effective from | Koha item type |
|---|---|---|---|---|---|---|---|---|---|---|---|---|---|---|---|---|
| Local Classification | Parliamentary Publications Collection | National Assembly Library of Thailand | National Assembly Library of Thailand | Parliamentary Publications Shelves | 14/01/2019 | บริจาค | สผ - 1.2 2550 | 3961185262 | 09/06/2017 | ฉ.2 | 09/06/2017 | Parliamentary Publication | ||||
| Local Classification | Parliamentary Publications Collection | National Assembly Library of Thailand | National Assembly Library of Thailand | Parliamentary Publications Shelves | 14/01/2019 | บริจาค | สผ - 1.2 2550 | 3961185263 | 09/06/2017 | ฉ.1 | 09/06/2017 | Parliamentary Publication |
